Statistics for Books of the Protestant Bible Quiz

Click here to take the quiz!

General Stats

  • This quiz has been taken 102,794 times
  • The average score is 41 of 66

Answer Stats

Book % Correct
Genesis
97%
John
94%
Luke
92%
Matthew
92%
Exodus
92%
Mark
91%
Leviticus
87%
Psalms
85%
Revelation
84%
Numbers
83%
Deuteronomy
82%
Ruth
79%
1 Kings
76%
1 Corinthians
76%
Romans
75%
Acts
75%
2 Kings
74%
2 Corinthians
74%
Job
74%
Proverbs
70%
1 Peter
68%
1 Samuel
68%
Joshua
68%
Judges
67%
2 Samuel
67%
2 John
66%
2 Peter
65%
Esther
65%
1 John
64%
Isaiah
63%
3 John
62%
Song of Solomon
61%
1 Chronicles
59%
Ephesians
59%
Daniel
58%
2 Chronicles
58%
1 Timothy
57%
Galatians
57%
Jeremiah
57%
James
56%
2 Timothy
56%
Jude
56%
Philippians
55%
Ezekiel
54%
Colossians
52%
Ezra
52%
1 Thessalonians
52%
Hebrews
52%
2 Thessalonians
51%
Jonah
51%
Nehemiah
50%
Ecclesiastes
50%
Malachi
50%
Titus
47%
Lamentations
46%
Micah
46%
Amos
44%
Habakkuk
43%
Zechariah
42%
Philemon
42%
Obadiah
41%
Hosea
40%
Joel
39%
Haggai
36%
Zephaniah
36%
Nahum
36%

Score Distribution

Percentile by Number Answered

Percent of People with Each Score

Your Score History

You have not taken this quiz